000 00803nam a22002417a 4500
999 _c6128
_d6128
003 AR-CdUCM
008 190313b ||||| |||| 00| 0 spa d
040 _aMUNICIPALIDAD PROVINCIAL DEL CUSCO
_cBIBLIOTECA MUNICIPAL DEL CUSCO
041 _hpor
082 _25ed.
_a868.946 /
_bV51
100 _aVerissimo, Erico
_917774
245 _aMirad Los Lirios del Campo /
260 _aBuenos Aires :
_bEdiciones Tupa ;
_c1949.
440 _aColección Grandes Novelas Americanas
_917775
500 _aDonación de la familia Nieto
505 _aContenido: Novela
650 _aNovela Brasileña
_93579
650 _aLiteratura latinoamericana
_96194
700 _aPeralta, Jover (traducción)
_917776
700 _aOrtiz Mayans, Antonio (traducción)
_917777
942 _2ddc
_cLIBROS
945 _anom